| 000 | 00421nam a2200169 a 4500 | ||
|---|---|---|---|
| 001 | 0000-8568 | ||
| 003 | ELIB.Books | ||
| 008 | 110520 1996 | ||
| 035 | _a(ELIB.Books)0000-8714 | ||
| 082 |
_a234.25 _bLot |
||
| 100 | _aLotz, Anne Graham | ||
| 245 | _aThe Vision of his Glory | ||
| 260 |
_bDallas; Word Publishing _c1996 |
||
| 650 | _aSalvation | ||
| 942 |
_2ddc _cBK |
||
| 998 |
_cbat _e2011-05-20 |
||
| 999 |
_c8568 _d8568 |
||